<?xml version="1.0" encoding="UTF-8"?>
<record
    xmlns:xsi="http://www.w3.org/2001/XMLSchema-instance"
    xsi:schemaLocation="http://www.loc.gov/MARC21/slim http://www.loc.gov/standards/marcxml/schema/MARC21slim.xsd"
    xmlns="http://www.loc.gov/MARC21/slim">

  <leader>01002nam a2200217 i 4500</leader>
  <controlfield tag="001">188380</controlfield>
  <controlfield tag="003">ES-MaACL</controlfield>
  <controlfield tag="005">20251002204756.0</controlfield>
  <controlfield tag="008">180906s1924    fr           |||| | fre d</controlfield>
  <datafield tag="245" ind1="0" ind2="0">
    <subfield code="a">Trait&#xE9; de pathologie m&#xE9;dicale et de th&#xE9;rapeutique appliqu&#xE9;e / publi&#xE9; sous la direction de Emile Sergent, .L. Ribadeau-Dumas, L. Babonneix,. </subfield>
    <subfield code="n">XXVII,</subfield>
    <subfield code="p">Diagnostics de laboratoire, I. Introduction. M&#xE9;thodes usuelles de laboratoire appliqu&#xE9;es au diagnostic des malades / </subfield>
    <subfield code="c">par MM. le professeur Letulle et P. Pruvost.</subfield>
  </datafield>
  <datafield tag="260" ind1=" " ind2=" ">
    <subfield code="a">Paris : </subfield>
    <subfield code="b">A. Maloine, </subfield>
    <subfield code="c">1924.</subfield>
  </datafield>
  <datafield tag="300" ind1=" " ind2=" ">
    <subfield code="a">730 p. : </subfield>
    <subfield code="b">il. ; </subfield>
    <subfield code="c">21 cm.</subfield>
  </datafield>
  <datafield tag="650" ind1=" " ind2="4">
    <subfield code="a">Diagn&#xF3;stico de laboratorio.</subfield>
    <subfield code="9">158370</subfield>
  </datafield>
  <datafield tag="700" ind1="1" ind2=" ">
    <subfield code="a">Sergent, &#xC9;mile, </subfield>
    <subfield code="d">1867-1943</subfield>
    <subfield code="9">151848</subfield>
  </datafield>
  <datafield tag="700" ind1="1" ind2=" ">
    <subfield code="a">Ribadeau-Dumas, Louis (</subfield>
    <subfield code="d">1876-1951)</subfield>
    <subfield code="9">151844</subfield>
  </datafield>
  <datafield tag="700" ind1="1" ind2=" ">
    <subfield code="a">Babonneix, L&#xE9;on, </subfield>
    <subfield code="d">1876-1942</subfield>
    <subfield code="9">151847</subfield>
  </datafield>
  <datafield tag="700" ind1="1" ind2=" ">
    <subfield code="a">Letulle, Maurice, </subfield>
    <subfield code="d">1853-1929</subfield>
    <subfield code="9">71893</subfield>
  </datafield>
  <datafield tag="700" ind1="1" ind2=" ">
    <subfield code="a">Pruvost, Pierre, </subfield>
    <subfield code="d">1882-1970</subfield>
    <subfield code="9">94090</subfield>
  </datafield>
  <datafield tag="852" ind1=" " ind2=" ">
    <subfield code="a">ES-MaACL</subfield>
    <subfield code="j">C-16759</subfield>
  </datafield>
  <datafield tag="999" ind1=" " ind2=" ">
    <subfield code="c">188380</subfield>
    <subfield code="d">188380</subfield>
  </datafield>
  <datafield tag="952" ind1=" " ind2=" ">
    <subfield code="0">0</subfield>
    <subfield code="1">0</subfield>
    <subfield code="4">0</subfield>
    <subfield code="7">0</subfield>
    <subfield code="a">ATENEOM</subfield>
    <subfield code="b">ATENEOM</subfield>
    <subfield code="c">Galer&#xED;a</subfield>
    <subfield code="d">2018-09-06</subfield>
    <subfield code="e">SC</subfield>
    <subfield code="l">0</subfield>
    <subfield code="o">C-16759</subfield>
    <subfield code="p">1199278</subfield>
    <subfield code="r">2023-02-23 00:00:00</subfield>
    <subfield code="w">2023-02-23</subfield>
    <subfield code="y">MONOGRAFIA</subfield>
  </datafield>
</record>
